000 00397nam a2200169Ia 4500
008 230524s9999 xx 000 0 und d
020 _a9781259003363
082 _a666.893
_bRAJ
100 _aN Krishna Raju
245 0 _aPrestressed Concrete
250 _a5
260 _aNew Delhi
_bMGH
_c2012
300 _a"xiv,808p;"
500 _aQuantity Number: 82
650 _aCivil
942 _cBK
999 _c55887
_d55887